Speech And Language Processing (Record no. 107635)

MARC details
000 -LEADER
fixed length control field 00343pam a2200145 a 4500
020 ## - INTERNATIONAL STANDARD BOOK NUMBER
Terms of availability
041 ## - LANGUAGE CODE
Language code of original
082 ## - DEWEY DECIMAL CLASSIFICATION NUMBER
Classification number 5.133
Item number MAL
100 ## - MAIN ENTRY--PERSONAL NAME
Personal name Malayal
245 ## - TITLE STATEMENT
Title Speech And Language Processing
Medium Textual Documents
250 ## - EDITION STATEMENT
Edition statement 38th ed
260 ## - PUBLICATION, DISTRIBUTION, ETC.
Place of publication, distribution, etc. New Delhi
Name of publisher, distributor, etc. Pearson Education [Addison Wesley]
Date of publication, distribution, etc. 2003
300 ## - PHYSICAL DESCRIPTION
Extent 836/PB
930 ## - EQUIVALENCE OR CROSS-REFERENCE-UNIFORM TITLE HEADING [LOCAL, CANADA]
Uniform title 802
Holdings
Withdrawn status Lost status Source of classification or shelving scheme Damaged status Not for loan Home library Current library Shelving location Date acquired Source of acquisition Cost, normal purchase price Total Checkouts Full call number Barcode Date last seen Date last checked out Copy number Price effective from Koha item type
    Dewey Decimal Classification     Abhijit Kadam Institute of Management & Social Science, Solapur Abhijit Kadam Institute of Management & Social Science, Solapur   12/03/2003 Mahaveer General Store 95.00 4 5.133 MAL AKS-C-01047 14/03/2026 09/03/2026 1 01/03/2023 Book